Függőlegesen rendezett szén nanocsövek CCVD előállítása során alkalmazott paraméterek hatása a szerkezetre

Elmentve itt :
Bibliográfiai részletek
Szerző: Szabó Anna
További közreműködők: Hernádi Klára (Témavezető)
Pap Zsolt (Témavezető)
Dokumentumtípus: Disszertáció
Megjelent: 2022-03-10
Kulcsszavak:szén nanocső erdő, katalitikus kémiai gőzleválasztás, dip-coating, impulzuslézeres leválasztási technika, alumínium szubsztrát, titán szubsztrát
Tárgyszavak:
doi:10.14232/phd.11092

mtmt:32862846
Online Access:http://doktori.ek.szte.hu/11092
LEADER 01474nta a2200301 i 4500
001 dokt11092
005 20220603131836.0
008 211121s2022 hu om 0|| hun d
024 7 |a 10.14232/phd.11092  |2 doi 
024 7 |a 32862846  |2 mtmt 
040 |a SZTE Doktori Repozitórium  |b hun 
041 |a hun 
100 1 |a Szabó Anna 
245 1 0 |a Függőlegesen rendezett szén nanocsövek CCVD előállítása során alkalmazott paraméterek hatása a szerkezetre  |h [elektronikus dokumentum] /  |c  Szabó Anna 
246 1 0 |a Influence of synthesis parameters on CCVD growth of vertically aligned carbon nanotubes structure  |h [elektronikus dokumentum] 
260 |c 2022-03-10 
502 |a Disszertacio 
650 4 |a környezettudományok 
650 4 |a Természettudományok 
650 4 |a Kémiai tudományok 
650 4 |a Alkalmazott és ipari kémia 
650 4 |a Félvezetők és nanotechnológia 
695 |a szén nanocső erdő, katalitikus kémiai gőzleválasztás, dip-coating, impulzuslézeres leválasztási technika, alumínium szubsztrát, titán szubsztrát 
700 0 1 |a Hernádi Klára  |e ths 
700 0 1 |a Pap Zsolt  |e ths 
856 4 0 |u https://doktori.bibl.u-szeged.hu/id/eprint/11092/1/Disszertacio_Szabo_Anna.pdf  |z Dokumentum-elérés  
856 4 0 |u https://doktori.bibl.u-szeged.hu/id/eprint/11092/2/Tezisfuzet_Szabo_Anna.pdf  |z Dokumentum-elérés  
856 4 0 |u https://doktori.bibl.u-szeged.hu/id/eprint/11092/3/Tezisfuzet_angol_Szabo_Anna.pdf  |z Dokumentum-elérés